000 00740nam a2200217Ia 4500
003 CO-CtgCURN
005 20250408221613.0
008 190723s9999 xx 000 0 und d
020 _a9586761606
040 _aCO-CtgCURN
_bspa
_ccoctgcurn
082 _a346.022
_bC268c
100 _aCardona Hernandez, Guillermo
245 0 _aCurso de obligaciones /
_cGuillermo Cardona Hernandez
260 _aBogotá, Colombia :
_bEdiciones Doctrina y Ley,
_c2001
300 _a226 páginas ;
_c24 centímetros
521 _aAREA PROFESIONAL
590 _aPrograma de Derecho_18
650 _aObligaciones (Derecho)
942 _cBK
_h346.022
_iC268c
_02
_2ddc
_n0
999 _c29171
_d29171